| 000 | 00783nac a22002291u 4500 | ||
|---|---|---|---|
| 010 | _a 96013362 | ||
| 020 | _a0412983311 | ||
| 082 | 0 | 0 |
_a629.25 _bBEC |
| 090 |
_c5795 _d5795 |
||
| 100 | _aBeck, Douglas Stephen. | ||
| 245 | 1 | 0 |
_aGas-turbine regenerators / _cDouglas Stephen Beck, David Gordon Wilson. |
| 260 |
_aNew York : _bChapman & Hall,c1996. _cc1996. |
||
| 300 |
_axxiv, 250 p. : _bill. ; _c24 cm. |
||
| 500 | _aDistributer : Al-Ahram. | ||
| 504 | _aIncludes bibliographical references (p. 239-245) and index. | ||
| 511 | _aCatalogued By : Mahitab. | ||
| 650 | 0 | _aAutomotive gas turbines. | |
| 650 | 0 | _aGas-turbine power-plants. | |
| 650 | 0 | _aHeat regenerators. | |
| 700 | 1 |
_aWilson, David Gordon, _d1928- |
|
| 942 |
_cBB _k629.25BEC |
||
| 999 |
_c5795 _d5795 |
||